000 00397nam a22001697a 4500
003 OSt
005 20211124091900.0
008 211124b |||||||| |||| 00| 0 eng d
020 _a00722999037
040 _cHU
082 _a657
100 _aEDMONDS P. THOMAS
_919023
245 _aFINANCIAL ACCOUNTING CONCEPTES
260 _aNEW YORK
_bBOGOTA
_c2000
300 _a657
942 _2ddc
_cBOOKS
_n0
999 _c19884
_d19884